000 00626nac a22001571u 4500
020 _a8177222244
082 _a005.8
_bM6431
090 _c428
_d428
100 _aMiles, Wyman
245 _aHack proofing sun solaris 8:
_bprotect your solaris network from attack/
_cMiles, Wyman, Ed Mitchell, F. William Lynch; Randy Cook, technical editor.
260 _aNew Delhi:
_bSyngress
_c2002
300 _a393 p. :
_billus. ;
_ccm
650 _aComputer security
942 _cBB
_k005.8M6431
999 _c428
_d428